00710nam a2200181 i 450000100060000000300090000600500170001500700030003200800410003510000380007624501010011426000710021530000300028670000430031685200320035999900170039195201200040883425ES-MaACL20230906174826.0t|041116s1945 sp ||||1| spa d1 aIribas de Miguel, Jesús.96546110aNociones de Geometría analítica / cJesús Iribas de Miguel y José Juan Vila Rodríguez. aMadrid : b[s.n., c1945] (eDossat : fImp. Clásica Española) a490 p. : bil. ; c24 cm.1 aVila Rodríguez, José Juan.9114734 aES-MaACLjB-10728 bR.22230 c83425d83425 00104070aATENEOMbATENEOMcSPBd2008-01-17eSCl0oB-10728p1087190r2023-02-23 00:00:00w2023-02-23yMONOGRAFIA